Wards of Newham, London - Statistics

General Stats
  • This quiz has been taken 27 times
  • The average score is 5 of 20
Answer Stats
Answer % Correct
Beckton
92%
Custom House
46%
Manor Park
46%
East Ham North
38%
East Ham South
38%
Plaistow North
31%
Plaistow South
31%
Forest Gate North
23%
Forest Gate South
23%
West Ham
23%
Canning Town North
15%
Canning Town South
15%
East Ham Central
15%
Green Street East
15%
Green Street West
15%
Wall End
15%
Boleyn
8%
Little Ilford
8%
Royal Docks
8%
Stratford and New Town
8%
No matching quizzes found
Score Distribution
Percent of People with Each Score
Percentile by Number Answered
Your Score History
You have not taken this quiz